NBA MVP Finałów (FMVP) - Statystyki

Ogólne statystyki
  • Ten quiz został rozwiązany 733 razy
    352 od ostatniego zresetowania
  • Średni wynik to 23 z 36
Statystyki odpowiedzi
Giannis Antetokounmpo % Poprawnych
LeBron James
99%
Nikola Jokić
99%
Stephen Curry
99%
Giannis Antetokounmpo
96%
Kevin Durant
96%
Kobe Bryant
95%
Shai Gilgeous-Alexander
95%
Jaylen Brown
93%
Michael Jordan
93%
Shaquille O'Neal
93%
Dirk Nowitzki
91%
Kawhi Leonard
91%
Tim Duncan
91%
Larry Bird
86%
Magic Johnson
80%
Dwyane Wade
78%
Hakeem Olajuwon
78%
Kareem Abdul-Jabbar
76%
Tony Parker
70%
Paul Pierce
67%
Andre Iguodala
64%
Isiah Thomas
62%
Dennis Johnson
60%
Wilt Chamberlain
59%
Jerry West
58%
Moses Malone
46%
Chauncey Billups
38%
Bill Walton
35%
James Worthy
28%
Wes Unseld
28%
John Havlicek
24%
Willis Reed
23%
Joe Dumars
20%
Rick Barry
19%
Jo Jo White
10%
Cedric Maxwell
6%
Nie znaleziono quizów pasujących do podanych kryteriów
Rozkład punktacji
Procent ludzi z każdym wynikiem
Percentyl według liczby udzielonych odpowiedzi
Twoja historia wyników
Nie rozwiązałeś tego quizu od ostatniego zresetowania